000 02246nad a22003973ic4500
001 EBC6798686
003 MiAaPQ
005 20230401181546.0
007 cr cnu||||||||
008 230324s2021 xx o ||||0 eng d
020 _a9781350103191
_q(electronic bk.)
020 _z9781350001831
040 _aMiAaPQ
_beng
_cMiAaPQ
100 1 _aFerraro, Joanne M.
_921900
245 1 2 _aA cultural history of marriage
_nVolume 3
_pA cultural history of marriage in the Renaissance and early modern age
264 1 _aLondon ; New York ; Oxford ; New Delhi ; Sydney :
_bBloomsbury Academic,
_c2021.
264 4 _c©2020.
300 _a1 online resource (233 pages)
336 _aText
_btxt
_2rdacontent
337 _aComputermedien
_bc
_2rdamedia
338 _aOnline Resource
_bcr
_2rdacarrier
490 1 _aThe cultural histories series
500 _aE-Book-ProQuest / Fernzugriff nach Registrierung möglich
505 0 _aCover -- Contents -- List of Figures -- Contributors -- General Editor's Preface -- Introduction Joanne M. Ferraro -- 1 Courtship and Ritual Debra Kaplan -- 2 Religion Cecilia Cristellon -- 3 State and Law Marjorie Elizabeth Plummer -- 4 The Ties that Bind Anna Bellavitis -- 5 The Family Economy: A Comparative Perspective on Legitimate Marriage, the Dispossession of Mothers, and the Displacement of Children Jutta Sperling -- 6 Love, Sex, and Sexuality Sara F. Matthews-Grieco -- 7 Breaking Vows: Adultery, Marital Ill-Treatment, and Divorce in England, 1450-1650 Martin Ingram -- 8 Representation: Art Celebrates Marriage in the Renaissance Andrea Bayer -- Notes -- Bibliography -- Index.
653 _aMarriage-History-16th century.
653 _aMarriage-History-To 1500.
653 _aRenaissance.
655 _aFernzugriff
_9230
773 0 8 _qVolume3
_w1684853796
776 0 8 _iPrint version:
_aFerraro, Joanne M.
_tA Cultural History of Marriage in the Renaissance and Early Modern Age
_dLondon : Bloomsbury Publishing Plc,c2021
_z9781350001831
830 4 _aThe cultural histories series
_96986
856 4 0 _uhttps://ebookcentral.proquest.com/lib/maxweberstiftung-ebooks/detail.action?docID=6798686
_zVolltext
942 _cEB
_2z
999 _c62071
_d62071